Sniženije materialojemkosti produkcii dinamika, analiz rezervov i planirovanije

Gespeichert in:
Bibliographische Detailangaben
1. Verfasser: Sidorov, Nikolaj Jevstropovič
Format: Buch
Sprache:Russisch
Veröffentlicht: Moskva Ekonomika 1979
Tags: Tag hinzufügen
Keine Tags, Fügen Sie das erste Tag hinzu!

MARC

LEADER 00000nam a2200000 4500
001 c139914
005 20041019155317.3
041 0 |a rus 
044 |a RU 
245 1 0 |a Sniženije materialojemkosti produkcii  |b dinamika, analiz rezervov i planirovanije  |c Nikolaj Jevstropovič Sidorov 
264 1 |a Moskva  |b Ekonomika  |c 1979 
300 |a 109 s. 
100 1 |a Sidorov, Nikolaj Jevstropovič